00808nam a2200217 a 450000100100000000500170001000800410002702000150006804000250008308200160010810000340012424500950015826000640025330000280031749000290034550000210037450400320039583000350042795201130046299900150057500000243020200929150208.0090702s1992 sp a 000 0 spa d a8486168759 aDO-SdBNPbspacBNPHU axxxxbG216l1 aGarcía Padrino, Jaime9769010aLibros y literatura para niños en la España contemporánea /cJaime García Padrino. aMadrid :bFundación Germán Sánchez Ruipérez,c1992. a591 p. :bil. ;c22 cm.1 aBiblioteca del Librov52 aIncluye índice aBibliografîa : p. 565-576 0aBiblioteca del libron5297691 001050718MOaGRbGRcCTd2009-07-02iLF1l0oxxxx G216lp2430-10r2020-06-25w2020-06-25y1ZNo se presta c2266d2266